000 00579nam a2200205Ia 4500
005 20240420145538.0
008 131103s9999 xx 000 0 und d
020 _a81 7024 532 X
_cRs.300
040 _aLoreto College
041 _aEnglish
082 _a370.9
_bRAT
100 _aRathore, H C S
245 _aManagement of Distance Education in India
_cH C S Rathore
260 _aNew Delhi
_bAshish
_c1993
300 _ax,225p.
_b chart. table
504 _aIncludes bibliographical references & index
650 _aEducation - History
850 _aLCBED
942 _cBK
999 _c26593
_d77072